00463nam a2200121Ia 4500008004100000245004700041245006400088260000900152650004000161856004800201999001900249952007300268171204s9999 xx 000 0 und d aLearning Qlik SenseĀ®: The Official Guide: cChristopher Ilacqua, Henric Cronstrom, and James Richardson c2016 xBUSINESS INTELLIGENCE AND ANALYTICS uhttp://down.ebook777.com/047/1785887165.pdf c347134d347134 001040aCLbCLd2017-12-04l0r2017-12-04 00:00:00w2017-12-04yCBE